000 00353nam a2200133Ia 4500
008 240624s9999 xx 000 0 und d
041 _aeng
082 _a658.83 GUP
100 _aGUPTA KAMAL
245 _aINNOVATIVE MARKETING STRATEGY BALANCING
260 _c2010
_aMumbai
_bHimalaya Books Pvt. Ltd.
300 _a354 : p. : cm. ; 22
365 _cRS
_b25
999 _c14861
_d14861